Finistère Communes Carte - Statistiques

Statistiques générales
  • Ce quiz a été pris 38 fois
  • Le résultat moyen est 57 sur 277
Réponses sur la Carte
Les réponses sont colorées sur une échelle allant du rouge au vert en fonction du pourcentage des utilisateurs qui les ont devinées à leur premier essai. Vous pouvez retrouver ces pourcentages ci-dessous.
 
Statistiques - réponses
Réponse % Correct
Brest
97%
Quimper
83%
Crozon
76%
Guipavas
72%
Landerneau
72%
Concarneau
69%
Morlaix
66%
Ouessant
62%
Ploudalmézeau
59%
Plougastel-Daoulas
59%
Plouzané
59%
Chateaulin
55%
Daoulas
55%
Landivisiau
55%
Douarnenez
52%
Quimperlé
52%
Saint-Renan
52%
Le Conquet
48%
Plabennec
48%
Plougonvelin
48%
Audierne
45%
Fouesnant
45%
Gouesnou
45%
Lannilis
45%
Guilers
41%
Le Faou
41%
Le Relecq-Kerhuon
41%
Lesneven
41%
Loctudy
41%
Plouguerneau
41%
Pont-l'Abbé
41%
Roscoff
41%
Saint-Pol-de-Léon
41%
Bohars
38%
Camaret-sur-Mer
38%
Bénodet
34%
Guisseny
34%
Huelgoat
34%
Île-de-Batz
34%
Kerlouan
34%
Landéda
34%
Loperhet
34%
Penmarc'h
34%
Pleyben
34%
Plouarzel
34%
Roscanvel
34%
Rosporden
34%
Sizun
34%
Briec
31%
Carhaix-Plouguer
31%
Châteauneuf-du-Faou
31%
Dirinon
31%
La Forest-Landerneau
31%
Lampaul-Plouarzel
31%
Lanildut
31%
Lanvéoc
31%
Le Folgoët
31%
Locmaria-Plouzané
31%
Milizac-Guipronvel
31%
Plogoff
31%
Plouguin
31%
Plourin
31%
Saint-Divy
31%
Santec
31%
Scaër
31%
Argol
28%
Bourg-Blanc
28%
Cleder
28%
Guilvinec
28%
Hanvec
28%
La Forêt Fouesnant
28%
Landevennec
28%
La Roche Maurice
28%
L'Île-Tudy
28%
Pleyber-Christ
28%
Plougasnou
28%
Plouvien
28%
Porspoder
28%
Saint-Martin-des-Champs
28%
Bannalec
24%
Cast
24%
Clohars-Carnoët
24%
Ergué-Gabéric
24%
Hôpital-Camfrout
24%
Lampaul-Ploudalmézeau
24%
Locronan
24%
Moëlan-sur-Mer
24%
Névez
24%
Plomelin
24%
Plomodiern
24%
Plonéour-Lanvern
24%
Ploudaniel
24%
Plouigneau
24%
Plouneventer
24%
Pont-Aven
24%
Telgruc-sur-Mer
24%
Arzano
21%
Coat-Méal
21%
Commana
21%
Dinéault
21%
Irvillac
21%
La Feuillée
21%
Landunvez
21%
Lanhouarneau
21%
L'île-Molène
21%
Logonna-Daoulas
21%
Pencran
21%
Plomeur
21%
Plonévez-du-Faou
21%
Plonévez-Porzay
21%
Plouedern
21%
Plouescat
21%
Plougoulm
21%
Plouhinec
21%
Plourin-lès-Morlaix
21%
Riec-sur-Belon
21%
Saint-Nic
21%
Saint-Pabu
21%
Saint-Urbain
21%
Scrignac
21%
Trégunc
21%
Bodilis
17%
Brasparts
17%
Brélès
17%
Carantec
17%
Cléden-Cap-Sizun
17%
Combrit
17%
Elliant
17%
Guimiliau
17%
Kernilis
17%
Kersaint-Plabennec
17%
Laz
17%
Locquirec
17%
Plogastel-Saint-Germain
17%
Plougonven
17%
Ploumoguer
17%
Plouvorn
17%
Plovan
17%
Plozevet
17%
Pont-Croix
17%
Pont-de-Buis-lès-Quimerch
17%
Port-Launay
17%
Pouldreuzic
17%
Rosnoën
17%
Saint-Evarzec
17%
Saint-Goazëc
17%
Saint-Segal
17%
Saint-Thonan
17%
Saint-Yvi
17%
Taulé
17%
Treffiagat
17%
Berrien
14%
Clohars-Fouesnant
14%
Coray
14%
Gouezec
14%
Guengat
14%
Kerlaz
14%
Lampaul-Guimiliau
14%
Lanmeur
14%
Lanrivoare
14%
Lennon
14%
Letrehou
14%
Le Trévoux
14%
Melgven
14%
Mellac
14%
Ploéven
14%
Plogonnec
14%
Plouenan
14%
Plounévez-Lochrist
14%
Pluguffan
14%
Poullan-sur-Mer
14%
Sainte-Sève
14%
Saint-Jean-Trolimon
14%
Sibiril
14%
Spézet
14%
Trébabu
14%
Tréglonou
14%
Tremeven
14%
Tréogat
14%
Tréouergat
14%
Baye
10%
Beuzec-Cap-Sizun
10%
Botmeur
10%
Cleden-Poher
10%
Edern
10%
Garlan
10%
Guiclan
10%
Guilligomarc'h
10%
Landeleau
10%
Landrévarzec
10%
Landudal
10%
Landudec
10%
Langolen
10%
Le Cloître-Pleyben
10%
Le Cloître-Saint-Thégonnec
10%
Le Juch
10%
Locunole
10%
Loperec
10%
Lothey
10%
Motreff
10%
Pleuven
10%
Plobannalec-Lesconil
10%
Ploneis
10%
Ploudiry
10%
Plouezoc'h
10%
Poullaouen
10%
Primelin
10%
Querrien
10%
Rédené
10%
Saint-Coulitz
10%
Saint-Servais
10%
Saint-Thurien
10%
Saint-Vougay
10%
Trégourez
10%
Botsorhel
7%
Collorec
7%
Confort-Meilars
7%
Gouesnach
7%
Goulven
7%
Guerlesquin
7%
Guiler-sur-Goyen
7%
Henvic
7%
La Martyre
7%
Le Drennec
7%
Leuhan
7%
Loc-Eguiner
7%
Locquenolé
7%
Loqueffret
7%
Mahalon
7%
Mespaul
7%
Plouegat-Moysan
7%
Plouider
7%
Plounéour-Brignogan-Plages
7%
Plounevezel
7%
Saint-Derrien
7%
Saint-Frégant
7%
Saint-Jean-du-Doigt
7%
Saint-Rivoal
7%
Saint-Sauveur
7%
Saint-Thois
7%
Tourch
7%
Tréflaouénan
7%
Tréflévénez
7%
Trégarvan
7%
Tréguennec
7%
Trémaouézan
7%
Tréméoc
7%
Bolazec
3%
Goulien
3%
Gourlizon
3%
Guimaëc
3%
Kergloff
3%
Kernoues
3%
Lanarvily
3%
Lannédern
3%
Lanneuffret
3%
L'Île-au-Sein
3%
Locmelar
3%
Peumérit
3%
Plouegat-Guérand
3%
Plougar
3%
Plougourvest
3%
Plouye
3%
Plouzévédé
3%
Pouldergat
3%
Quéménéven
3%
Saint-Eloy
3%
Saint-Hernin
3%
Saint-Méen
3%
Saint-Thégonnec Loc-Eguiner
3%
Tréflez
3%
Bannilis
0%
Lannéanou
0%
Loc-Brévalaire
0%
Plonéour-Ménez
0%
Trégarantec
0%
Trézilidé
0%
Aucun quiz correspondant
Distribution des résultats
% des personnes avec chaque résultat
Percentile par nombre de réponses
Votre historique - résultats
Vous n’avez pas pris ce quiz